| 000 | 00699nam a2200241Ia 4500 | ||
|---|---|---|---|
| 003 | OSt | ||
| 005 | 20230517171105.0 | ||
| 008 | 210423s2011 xx 000 0 und d | ||
| 020 | _a978-0-85702-511-1 | ||
| 040 | _cAL | ||
| 041 | _aeng | ||
| 082 |
_a158.3 _223 _b LINB |
||
| 100 |
_aLINES (Dennis) _9107411 |
||
| 245 | _aBrief counselling in schools: working with young people from 11 to 18 Ed 3 | ||
| 250 | _a3 | ||
| 260 |
_aNew Delhi _bSage Publications _c2011 |
||
| 300 |
_aix,283 _bPB |
||
| 365 |
_b2715.19 _cGBP |
||
| 650 |
_aCounseling _9107412 |
||
| 650 |
_aPsychology _9107413 |
||
| 906 | _a11 ; 18 ; Brief ; counselling ; Ed ; people ; schools: ; working ; young | ||
| 942 |
_2ddc _cBK |
||
| 999 |
_c166677 _d166677 |
||